000 00340nam a2200145Ia 4500
008 230718s9999 xx 000 0 und d
041 _aEng.
082 _a347.09
_bMAR-T
100 _aMarshall, Enid A.
245 4 _athe law of Axibration
260 _aPakistan
_bSoveet and Manoel
_c2000
300 _a206
650 _aLaw
999 _c28952
_d28952